Dopasuj miasto do państwa - klikanie #2 - Statystyki

Ogólne statystyki
  • Ten quiz został rozwiązany 23 razy
  • Średni wynik to 24 z 35
Statystyki odpowiedzi
Hint Odpowiedź % Poprawnych
Ateny Grecja
95%
Porto Portugalia
95%
Bazylea Szwajcaria
95%
Tunis Tunezja
95%
Erywań Armenia
90%
Turku Finlandia
90%
Dakar Senegal
90%
Leeds Wielka Brytania
90%
Aalborg Dania
86%
Taszkent Uzbekistan
86%
Ad-Dammam Arabia Saudyjska
81%
Homel Białoruś
81%
Limoges Francja
76%
Trnawa Słowacja
76%
Izmir Turcja
76%
Debreczyn Węgry
76%
Kutaisi Gruzja
71%
Amman Jordania
71%
Chartum Sudan
71%
Townsville Australia
67%
Nassau Bahamy
67%
Wlora Albania
62%
Libreville Gabon
62%
Karaczi Pakistan
62%
Akita Japonia
57%
Siĕm Réab Kambodża
57%
Bielce Mołdawia
57%
Irbil Irak
48%
Cali Kolumbia
48%
Ahmadabad Indie
38%
Johor Bahru Malezja
38%
Konstantyna Algieria
33%
Guayaquil Ekwador
33%
Montego Bay Jamajka
29%
Ćottogram Bangladesz
24%
Nie znaleziono quizów pasujących do podanych kryteriów
Rozkład punktacji
Procent ludzi z każdym wynikiem
Percentyl według liczby udzielonych odpowiedzi
Twoja historia wyników
Nie rozwiązałeś tego quizu